| 000 | 01188nam a2200373 a 4500 | ||
|---|---|---|---|
| 001 | 22961 | ||
| 003 | SK-KTurca | ||
| 005 | 20260513081224.0 | ||
| 008 | 240318s1998 xo a r slo | ||
| 015 | _aSNBA1998/11-04138 | ||
| 020 | _a8071185566 | ||
| 035 | _aSNK000277428 | ||
| 035 | _aurn:nbn:sk:snk-amkxyi | ||
| 035 | _aurn:nbn:sk:snk-am008gn5 | ||
| 035 | _aAF3A8A6E-D663-4CDB-B9F9-54916041E496 | ||
| 040 |
_aSNK _bslo _cSNK _eAACR2 |
||
| 041 | 0 | _aslo | |
| 044 |
_axo _cSK |
||
| 080 | _a635(035) | ||
| 100 | 1 |
_aGreenwood, Pippa _4aut |
|
| 240 | 1 | 0 |
_aPippa Greenwood's gardening, hints & tips _lSlovensky |
| 245 | 1 | 0 |
_aZáhrada - nápady a rady _cPippa Greenwoodová ; [z anglického originálu preložila Terézia Šinková] |
| 260 |
_aBratislava _bIkar _c1998 |
||
| 300 |
_a187 s. _bfareb. fotogr. a ilustr. _c24 cm |
||
| 500 | _aFotogr. na tit. strane a front. | ||
| 500 | _aÚdaj o prekl. prevzatý z rubu tit. strany | ||
| 504 | _aReg. | ||
| 650 | 0 | 7 |
_azáhrady _2SNKPH |
| 650 | 0 | 7 |
_azáhradkárstvo _2SNKPH |
| 655 | 7 |
_apríručky _2SNKPH |
|
| 700 | 1 |
_aŠinková, Terézia _4trl |
|
| 942 |
_2ddc _cOLDO _n0 |
||
| 999 |
_c22961 _d22961 |
||